000 01096nam a22002777a 4500
005 20101206113148.0
008 101206t xxu||||| |||| 00| 0 hin d
010 _aHIN-93223
020 _c200.00
_a9788171247745
035 _aHN-65569
037 _bDBAD/PUB
040 _aDPL
_bHN
082 _a
100 _924598
245 _aकहानी संग्रह /
246 _aKahani Sangraha
260 _aवाराणसी
_bविश्वविद्यालय प्रकाशन
_c2011
270 _bवाराणसी
_aपो.बॉ 1149, विशालाक्षी भवन, चौक
_e221001
_k0542- 2413741
_msales@vvpbooks.com
300 _axxxix,304पृ.
_c22सेमी (सजिल्द)
650 _91169
_aलघु कथाएँ, हिन्दी
650 _929580
_aShort Stories, Hindi
700 _924599
700 _924924
942 _2ddc
_cHN
_mकहानी
_h
999 _c53930
_d53930